North Russian architecture (Record no. 154552)

MARC details
000 -LEADER
fixed length control field 00474nam a22001697a 4500
005 - DATE AND TIME OF LATEST TRANSACTION
control field 20180720165321.0
010 ## - LCCN (DPL NO)
LC control number A-842515
035 ## - SYSTEM CONTROL NUMBER
System control number A-842515
037 ## - SOURCE OF ACQUISITION
Source of stock number/acquisition Progress Publisher
082 ## - DEWEY DECIMAL CLASSIFICATION NUMBER
Classification number 220.947
245 ## - TITLE STATEMENT
Title North Russian architecture
Statement of responsibility, etc Kathleen Cook
260 ## - PUBLICATION, DISTRIBUTION, ETC. (IMPRINT)
Place of publication, distribution, etc Moscow
Name of publisher, distributor, etc Progress Publisher
Date of publication, distribution, etc 1972
300 ## - PHYSICAL DESCRIPTION
Extent 322p.
Dimensions 16cm.(Hb)
700 ## - ADDED ENTRY--PERSONAL NAME
Personal name Cook, Kathleen
942 ## - ADDED ENTRY ELEMENTS (KOHA)
Source of classification or shelving scheme Dewey Decimal Classification
Item type English Books
Classification part 220.947
Call number suffix NOR
Holdings
Withdrawn status Lost status Not for loan Collection code Home library Current library Date acquired Full call number Barcode Koha item type Public note
      Non-fiction Sarojini Nagar Sarojini Nagar 20/07/2018 220.947 NOR A-842515 English Books Withdrawn List Prepared List No.3/3

© Delhi Public Library
Hit Counter
free hit counter